| 000 | 00572nam a2200193 a 4500 | ||
|---|---|---|---|
| 001 | BRCA_1372 | ||
| 005 | 20190320203410.0 | ||
| 008 | 930809s1989 mx-a---##b---#000-0#spa-# | ||
| 020 | _a968838075X | ||
| 050 | 4 |
_aML565 _b.V63 1989 |
|
| 245 | 1 | 0 |
_aVoces del arte _binventario de órganos tubulares. |
| 260 |
_aMéxico _bSEDUE _c1989 |
||
| 300 |
_a449 p. _bil. (algunas a color) _c30 cm. |
||
| 500 | _aColección Sonia Corcuera de Mancera | ||
| 504 | _aBibliografía: p. 447-449 | ||
| 650 | 1 | 4 |
_aOrgano (Instrumento musical) _zMéxico _94489 |
| 902 | _aDSC | ||
| 942 |
_2lcc _cB |
||
| 999 |
_c1234 _d1234 |
||